000 01541cam a22002535a 4500
001 E144380
008 080715s2008 xxk f 000 0 eng d
035 _a(Sirsi) u144380
041 0 _aeng
050 0 4 _a658.404 $2 18
110 2 _aRoyal Institution of Chartered Surveyors
_94900
245 0 0 _aQuantity surveyor services
260 _aCoventry
_bRICS
_c2008
300 _a[7] p.
_c30cm.
490 _aRICS Standard Form
520 _aOut of date - since these service documents were published, new legislation and contract documentation, such as the CDM Regulations 2015, RIBA Plan of Work 2013, the Construction Act 2011 (payments), has emerged.
520 _aRICS Consultancy form of appointment. For use with the RICS standard form of consultant's appointment and the RICS short form of consultant's appointment. Provides the list of core services and supplementary services to be provided by a quantity surveyor as part of a project. Includes a schedule of meetings to be attended by the Consultant. Contains work stages from the Royal Institute of British Architects Outline Plan of Work 2007 (preparation, design, pre-construction, construction, and use). Written in plain English.
521 _aAdvanced
651 4 _aEngland and Wales
_y1543-
690 _aBUILT ENVIRONMENT-BUILDING CONTRACT FORMS
690 _aQuantity surveying
_96263
856 4 0 _uhttps://www.rics.org/Global/Downloads/quantity_surveyor_services_dwl.pdf
_zView the item free of charge (member-only content) at www.rics.org...
942 _n0
_2ddc
999 _c108483
_d108483